000 00627nam a2200253Ia 4500
003 OSt
005 20220918222108.0
006 a|||||r|||| 00| 0
007 ta
008 220917b |||||||| |||| 00| 0 eng d
024 _a215,694
037 _cTextual
040 _aARTS
_cARTS
_beng
041 _2eng
_aeng
082 _aY7, N9
100 _aForsyth Donelson R.
_9142189
245 0 _aGroup dynamics
250 _a3rd
260 _aBelmont
_bBrooks/cole
_c1999
300 _axvi, 622 p
_ccm.
650 _aSOCIOLOGY
942 _hY7, N9
_cTEXL
_2CC
999 _c274550
_d274550